| 000 | 00870nam a2200241Ia 4500 | ||
|---|---|---|---|
| 999 |
_c46522 _d46522 |
||
| 001 | 13361 | ||
| 003 | GE_BSU | ||
| 005 | 20240906122427.0 | ||
| 008 | 181216s2014||||ru |||||||||||||| ||rus|| | ||
| 020 | _a9785906016294 | ||
| 040 | _cGE_BSU | ||
| 041 | _arus | ||
| 080 | _a28(075.8) Б-64 | ||
| 100 |
_aБиринджкар, Рида _923171 |
||
| 245 |
_aЗнакомство с исламскими науками. Капам. Фалсара. Ирфан : _bУч-ое пособие / _cРида Биринджкар ; Предисл. коммент. и общ. ред. И.А. Таировой |
||
| 264 |
_aМосква : _bООО Садра, _c2014. |
||
| 300 |
_a303 стр. ; _c21см. |
||
| 653 | _aЗнакомство с исламскими науками | ||
| 653 | _aКапам | ||
| 653 | _aФалсара | ||
| 653 | _aИрфан | ||
| 942 |
_cBK _2udc |
||